Statistiques concernant Les 10 jeux vidéo les plus vendus sur Nintendo Switch

Cliquez ici pour prendre le quiz!

Statistiques générales

  • Ce quiz a été pris 646 fois
  • Le résultat moyen est 6 sur 10

Statistiques - réponses

JeuGenreEditeurVentes (en millions)% Correct
1erMario Kart 8 DeluxeCourseNintendo23
99%
4eThe Legend of Zelda: Breath of the WildAction-aventureNintendo16,3
83%
2eSuper Smash Bros. UltimateCombatNintendo17,7
79%
8eSuper Mario PartyParty GameNintendo9,1
74%
5ePokémon Epée et BouclierJeu de rôleNintendo16,1
55%
6ePokémon Let's Go, Pikachu et Let's Go, EvoliJeu de rôleNintendo11,7
55%
7eSplatoon 2TPSNintendo9,8
44%
3eSuper Mario OdysseyPlates-formesNintendo16,6
41%
9eNew Super Mario Bros. U DeluxePlates-formesNintendo5,8
32%
10eLuigi's Mansion 3Action-aventureNintendo5,4
19%

Distribution des résultats

Percentile par nombre de réponses

% des personnes avec chaque résultat

Votre développement - résultats

Vous n’avez pas pris ce quiz